000 00328 a2200157 4500
001 180112
020 _a
040 _cMagnum
100 _aBloch, Pedro
240 1 0 _aTom e tim ou tim e tom
_lpor
245 1 0 _aTom e tim ou tim e tom
362 0 _a1899
440 1 _aModerna
697 _aMAGNITO: IJ/POESIA
942 _cBK
999 _c180112
_d180112